000 00459cam a22001934a 4500
005 20250605164313.0
008 250528s ||||||||||||||||||||||||d
035 _a22566
020 _a9780521567398
040 _aGR-AtMCL
_bgre
_dGR-AtMCL
_eAACR2
245 1 _aARGUING AND THINKING
250 _a1
260 _bCambridge University Press,
_c1996
300 _a325
700 1 _aBillig Michael
_91843
942 _cBK
999 _c7614
_d7614